François Pupil, Le Style troubadour, ou la nostalgie du bon vieux temps, Nancy, Presses universitaires de Nancy, 1985 (notice n° 1605930)

détails MARC
000 -LEADER
fixed length control field 02125cam a2200169 4500500
005 - DATE AND TIME OF LATEST TRANSACTION
control field 20251228095228.0
041 ## - LANGUAGE CODE
Language code of text/sound track or separate title fre
042 ## - AUTHENTICATION CODE
Authentication code dc
100 10 - MAIN ENTRY--PERSONAL NAME
Personal name Genet-Delacroix,
Relator term author
245 00 - TITLE STATEMENT
Title François Pupil, Le Style troubadour, ou la nostalgie du bon vieux temps, Nancy, Presses universitaires de Nancy, 1985
260 ## - PUBLICATION, DISTRIBUTION, ETC.
Date of publication, distribution, etc. 2005.<br/>
500 ## - GENERAL NOTE
General note 93
520 ## - SUMMARY, ETC.
Summary, etc. RésuméLe goût et l’intérêt pour l’art médiéval et la culture humaniste que le peintre Eugène Delacroix a acquis dès son enfance dans sa famille et au lycée Louis-le-Grand l’ont familiarisé très tôt à l’amour de l’antique et aux beautés de l’art gothique. Par ailleurs, en tant qu’artiste il recherche avant tout ce qui est à ses yeux la vérité de l’art, à savoir l’harmonie et l’équilibre de l’art des grands maîtres du passé. Aussi fustige-t-il tous les néo-classiques, néo-gothiques, etc., tous ces néos qui trahissent la vérité de l’art antique et de son idéal qu’il estime quant à lui retrouver dans son œuvre plastique en inventant un langage moderne, celui du romantisme. L’étude s’appuie sur les écrits de l’artiste.
520 ## - SUMMARY, ETC.
Summary, etc. The painter Eugène Delacroix acquired a taste and interest for medieval art and humanist culture at an early age in his family and at Louis-le-Grand grammar school, which soon made him familiar with the love of the antic and the beauties of the gothic art. As an artist, he aims above all at finding what is, in his opinion, the truth of the art, namely the harmony and balance of the art of the great masters of the past. Therefore he thrashes all the neo-classics, neo-gothics, etc., all these « neos » who betray the truth of the antic art and its ideal, which he personally thinks can be found in his own plastic works through the invention of a modern language : romanticism. This study is based on the artist’s writings.
786 0# - DATA SOURCE ENTRY
Note Sociétés & Représentations | 20 | 2 | 2005-09-01 | p. 245b-266b | 1262-2966
856 41 - ELECTRONIC LOCATION AND ACCESS
Uniform Resource Identifier <a href="https://shs.cairn.info/revue-societes-et-representations-2005-2-page-245b?lang=fr&redirect-ssocas=7080">https://shs.cairn.info/revue-societes-et-representations-2005-2-page-245b?lang=fr&redirect-ssocas=7080</a>

Pas d'exemplaire disponible.

PLUDOC

PLUDOC est la plateforme unique et centralisée de gestion des bibliothèques physiques et numériques de Guinée administré par le CEDUST. Elle est la plus grande base de données de ressources documentaires pour les Étudiants, Enseignants chercheurs et Chercheurs de Guinée.

Adresse

627 919 101/664 919 101

25 boulevard du commerce
Kaloum, Conakry, Guinée

Réseaux sociaux

Powered by Netsen Group @ 2025